Statistics for Who Carried Maryland in Each Election

Click here to take the quiz!

General Stats

  • This quiz has been taken 242 times
  • The average score is 33 of 50

Answer Stats

Popular Vote PercentagePresidential CandidateElection Year% Correct
65.36%Joe Biden2020
100%
61.97%Barack Obama2012
93%
61.92%Barack Obama2008
86%
62.35%Franklin D. Roosevelt1936
86%
60.33%Hillary Clinton2016
86%
65.47%Lyndon B. Johnson1964
86%
56.57%Al Gore2000
79%
49.80%Bill Clinton1992
79%
54.25%Bill Clinton1996
79%
55.36%Dwight D. Eisenhower1952
79%
60.04%Dwight D. Eisenhower1956
79%
61.50%Franklin D. Roosevelt1932
79%
58.25%Franklin D. Roosevelt1940
79%
51.85%Franklin D. Roosevelt1944
79%
51.11%George H.W. Bush1988
79%
57.06%Herbert Hoover1928
79%
53.04%Jimmy Carter1976
79%
61.26%Richard Nixon1972
79%
52.51%Ronald Reagan1984
79%
55.09%Abraham Lincoln1864
71%
53.39%Grover Cleveland1892
71%
47.14%Jimmy Carter1980
71%
53.61%John F. Kennedy1960
71%
55.91%John Kerry2004
71%
49.40%Thomas E. Dewey1948
71%
48.57%Woodrow Wilson1912
71%
52.80%Woodrow Wilson1916
71%
45.29%Calvin Coolidge1924
64%
50.34%Grover Cleveland1888
64%
52.07%Grover Cleveland1884
64%
55.11%Warren G. Harding1920
64%
54.73%William McKinley1896
64%
51.50%William McKinley1900
64%
53.28%Franklin Pierce1852
57%
43.59%Hubert Humphrey1968
57%
50.25%John Quincy Adams1828
57%
53.83%William Henry Harrison1840
57%
52.10%Zachary Taylor1848
57%
43.73%Andrew Jackson1824
50%
50.34%Horace Greeley1872
50%
56.05%Samuel J. Tilden1876
50%
48.59%William Jennings Bryan1908
50%
52.39%Henry Clay1844
43%
50.01%Henry Clay1832
43%
45.93%John C. Breckinridge1860
43%
54.63%Millard Fillmore1856
43%
67.20%Horatio Seymour1868
36%
53.73%William Henry Harrison1836
36%
48.81%Alton B. Parker1904
29%
54.41%Winfield Scott Hancock1880
29%

Score Distribution

Percentile by Number Answered

Percent of People with Each Score

Your Score History

You have not taken this quiz